000 01330nji a22002897a 4500
005 20100903161258.0
006 a|||||r|||||00| 0
007 sd ammalaaahaa
008 100830t xxu||||| |||| 00| 0 eng d
028 _aN 53831
_bHis Master's Voice
035 _aGR-00885
040 _aSED
_cSED
100 _917455
_aMangeskar, Lata
245 _aMughal e azam /
_cby Lata Mangeskar ; music by Naushad ; lyric by Shakeel Badayuni
_h[sound recording] :
246 _aऐ इश्क यह सब दुनिया वाले / लता मंगेशकर
260 _aDum Dum, India
_bHis Master's Voice
_cn.d.
300 _a1 sound disc [Gramophone Recording]:
_banalog, 33 1/3 rpm
_c9.5 in. (MP)
_fGramophone Record
500 _aBrief Record
505 _aSide - 1 ऐ इश्क यह सब दुनिया वाले ( ae ishq yeh sab duniya waley) Side 2 हमे काश तुमसे मोहब्बत न होती ( Hamey kash tumsey mohbbat na hoti ) ( Lata Mangeskar)
650 _aClassical music
_zIndia
_91186
_xExcerpts
700 _917416
_aBadayuni, Shakeel
700 _917456
_aNaushad
700 _918506
700 _918560
942 _2ddc
_cGR
999 _c44034
_d44034